[Event "OS INCLIVEIS"]
[Site "http://www.queenalice.com/game.php?id=1318158"]
[Date "2014.10.27"]
[Round "-"]
[White "adelio"]
[Black "rvdornel"]
[Result "0-1"]
[WhiteElo "1763"]
[BlackElo "2051"]

1. d4 d5 2. e4 dxe4 3. Nc3 Nf6 4. f3 exf3 5. Nxf3 Bg4 6. h3 Bxf3 7. Qxf3 c6 8.
b4 e6 9. a3 Qxd4 10. Qd3 Qxd3 11. Bxd3 Bd6 12. O-O Be5 13. Bd2 Nd5 14. Rae1 Bxc3
15. Bxc3 Nxc3 16. Rf3 Nd5 17. Bc4 Nf6 18. g4 Nbd7 19. g5 Nh5 20. Ref1 Ne5 21.
Rc3 Nxc4 22. Rxc4 Ng3 23. Kg2 Nxf1 24. Kxf1 O-O-O 25. b5 Rd6 26. Ke2 h6 27. gxh6
Rxh6 28. h4 Rh5 29. a4 Kd7 30. c3 cxb5 31. axb5 a6 32. b6 Rxb6 33. Rd4+ Rd6 34.
Rg4 g6 35. c4 e5 36. c5 Rd5 37. Rc4 Kc6 38. Ke3 Rxc5 39. Rxc5+ Kxc5 40. Ke4 f6
41. Ke3 Kc4 42. Kd2 Rxh4 43. Ke3 f5 44. Kf3 g5 45. Kg3 e4 46. Kf2 Rh3 47. Ke2 g4
48. Kf2 f4 49. Kg2 e3 50. Kf1 f3 51. Kg1 g3 52. Kf1 Rh1# 0-1

[Event "Hagel"]
[Site "http://www.queenalice.com/game.php?id=1329568"]
[Date "2014.12.21"]
[Round "3"]
[White "kokokinel"]
[Black "rvdornel"]
[Result "1/2-1/2"]
[WhiteElo "2109"]
[BlackElo "2093"]

1. d4 d5 2. c4 e6 3. Nc3 Nf6 4. e3 Bb4 5. Qa4+ Nc6 6. a3 Bxc3+ 7. bxc3 dxc4 8.
Bxc4 Bd7 9. Qc2 Ne7 10. Ne2 O-O 11. O-O Bc6 12. Ng3 Bd5 13. Bd3 Ng6 14. e4 Bc6
15. Bb2 e5 16. d5 Bd7 17. f3 c6 18. c4 c5 19. Bc3 Re8 20. Rab1 b6 21. Bd2 h6 22.
f4 exf4 23. Bxf4 Nxf4 24. Rxf4 Re5 25. Rbf1 Qe7 26. Qc3 Rf8 27. Bc2 Nh5 28. Nxh5
Rxh5 29. Qf3 Re5 30. a4 1/2-1/2

[Event "Challenge"]
[Site "http://www.queenalice.com/game.php?id=1347689"]
[Date "2015.3.15"]
[Round "-"]
[White "rvdornel"]
[Black "Ebbe"]
[Result "0-1"]
[WhiteElo "2101"]
[BlackElo "1976"]

1. e4 e5 2. Nf3 Nc6 3. Bb5 Bd6 4. d3 h6 5. Nbd2 Nd4 6. Nxd4 exd4 7. O-O a6 8.
Bc4 Qe7 9. Qg4 Be5 10. Qf3 d6 11. Bb3 Nf6 12. h3 O-O 13. Nc4 a5 14. a4 Be6 15.
Bf4 Bxf4 16. Qxf4 d5 17. Nd2 c6 18. exd5 Bxd5 19. Bxd5 Nxd5 20. Qxd4 Rad8 21.
Qe4 Qxe4 22. Nxe4 Nb4 23. Rac1 b6 24. f3 f5 25. Nf2 Rfe8 26. Rfd1 Re2 27. c3 Na6
28. b3 Nc5 29. Rb1 Ne6 30. d4 Nf4 31. Kf1 Rde8 32. c4 Rc2 33. Re1 Ree2 34. Rxe2
Nxe2 35. Nd3 Nxd4 36. Rc1 Rd2 37. Ne5 c5 38. Rb1 Ne6 39. Re1 Nd4 40. Rb1 Nc2 41.
Ng6 Ne3+ 42. Ke1 Rxg2 0-1

[Event "Hagel"]
[Site "http://www.queenalice.com/game.php?id=1350841"]
[Date "2015.3.31"]
[Round "4"]
[White "rtz678"]
[Black "rvdornel"]
[Result "1-0"]
[WhiteElo "2405"]
[BlackElo "2094"]

1. e4 e5 2. d4 exd4 3. Nf3 d5 4. Qxd4 c6 5. Bg5 Qd6 6. Nc3 dxe4 7. Nxe4 Qxd4 8.
Nxd4 f6 9. Bf4 f5 10. Ng5 Be7 11. Nge6 Bxe6 12. Nxe6 Bd8 13. Nxg7+ 1-0

[Event "Challenge"]
[Site "http://www.queenalice.com/game.php?id=1357966"]
[Date "2015.5.7"]
[Round "-"]
[White "Magogue"]
[Black "rvdornel"]
[Result "0-1"]
[WhiteElo "801"]
[BlackElo "2090"]

1. e4 e5 2. f4 exf4 3. Bc4 Qh4+ 4. Kf1 Bc5 5. d4 Bb4 6. Nf3 Qf6 7. c3 Be7 8. e5
Qc6 9. Bxf7+ Kxf7 10. Bxf4 d6 11. d5 Qc4+ 0-1

[Event "Challenge"]
[Site "http://www.queenalice.com/game.php?id=1357967"]
[Date "2015.5.7"]
[Round "-"]
[White "rvdornel"]
[Black "Magogue"]
[Result "1-0"]
[WhiteElo "2092"]
[BlackElo "825"]

1. e4 e5 2. Nf3 d6 3. d4 exd4 4. Nxd4 Nf6 5. Nc3 Be7 6. Be2 a6 7. O-O O-O 8. f3
c5 9. Nb3 b5 10. Nd5 Nxd5 11. Qxd5 1-0

[Event "AUTO-MASTER-2085"]
[Site "http://www.queenalice.com/game.php?id=1365997"]
[Date "2015.6.17"]
[Round "3"]
[White "rvdornel"]
[Black "KLEOJ"]
[Result "1-0"]
[WhiteElo "2083"]
[BlackElo "2126"]

1. e4 Nc6 2. Nf3 d5 3. exd5 Qxd5 4. Nc3 Qa5 5. Bb5 Bg4 6. Bxc6+ bxc6 7. Qe2 Qh5
8. d3 e6 9. Bf4 Bd6 10. Qe4 Bxf3 11. gxf3 Ne7 12. O-O-O O-O 13. Rdg1 Qf5 14.
Qxf5 Nxf5 15. Rg4 Bxf4+ 16. Rxf4 a5 17. Rc4 Ne7 18. Ne4 a4 19. a3 Rfb8 20. Nc5
Rb5 21. Nxa4 Rf5 22. f4 Nd5 23. Nc3 Nxc3 24. Rxc3 c5 25. Rc4 Rd8 26. Ra4 h6 27.
h4 Rd4 28. Rxd4 cxd4 29. f3 Rxf4 30. Rh3 g6 31. Kd2 Kg7 32. b3 h5 33. Ke2 Kf6
34. Kf2 Rf5 35. Kg3 Rc5 36. Rh2 Kf5 37. f4 Ra5 38. a4 Rc5 39. Re2 Kf6 40. Kf3 c6
41. Ke4 Rd5 42. Rg2 Ke7 43. Rg5 Rd6 44. Rc5 Kd7 45. Rc4 Rd5 46. Rxd4 Kd6 47.
Rxd5+ exd5+ 48. Ke3 Kc5 49. c3 f6 50. b4+ Kb6 51. f5 gxf5 52. Kf4 c5 53. b5 1-0

[Event "Challenge"]
[Site "http://www.queenalice.com/game.php?id=1422470"]
[Date "2016.5.10"]
[Round "-"]
[White "aadornellesf"]
[Black "rvdornel"]
[Result "1-0"]
[WhiteElo "2118"]
[BlackElo "2080"]

1. d4 d5 2. c4 c6 3. e3 Nf6 4. Nf3 e6 5. Bd3 dxc4 6. Bxc4 Bb4+ 7. Bd2 Qa5 8. O-O
O-O 9. Nc3 b5 10. Bb3 Nbd7 11. a3 Bxc3 12. Bxc3 Qc7 13. Re1 a5 14. e4 a4 15. Bc2
Nb6 16. Qd3 g6 17. Qd2 Nc4 18. Qh6 Ng4 19. Qg5 f5 20. h3 fxe4 21. Bxe4 Nf6 22.
Bc2 Qf7 23. b3 axb3 24. Bxb3 Nd6 25. Ne5 Qe8 26. Bb4 Nfe4 27. Rxe4 Nxe4 28. Qe3
1-0

[Event "Challenge"]
[Site "http://www.queenalice.com/game.php?id=1429227"]
[Date "2016.6.26"]
[Round "-"]
[White "Ebbe"]
[Black "rvdornel"]
[Result "0-1"]
[WhiteElo "1888"]
[BlackElo "2080"]

1. d4 d5 2. c4 e6 3. a3 c5 4. e3 cxd4 5. exd4 Nf6 6. Nc3 b6 7. h3 dxc4 8. Bxc4
Be7 9. Nf3 Bb7 10. O-O O-O 11. Bf4 Nd5 12. Nb5 a6 13. Bxd5 Bxd5 14. Nc3 Bc4 15.
Re1 Bf6 16. b3 Bd5 17. Nxd5 Qxd5 18. Rc1 Nc6 19. Rc4 Na5 20. Rc3 Rac8 21. Rxc8
Rxc8 22. b4 Nc6 23. Be3 b5 24. Qd3 Rd8 25. Rd1 e5 26. Qc3 exd4 27. Qc1 Qc4 28.
Bf4 Qxc1 29. Rxc1 Ne7 30. Be5 Bxe5 31. Nxe5 f6 0-1

[Event "Challenge"]
[Site "http://www.queenalice.com/game.php?id=1444247"]
[Date "2016.10.5"]
[Round "-"]
[White "aadornellesf"]
[Black "rvdornel"]
[Result "1/2-1/2"]
[WhiteElo "1927"]
[BlackElo "2072"]

1. d4 d5 2. c4 e6 3. e3 dxc4 4. Bxc4 Bb4+ 5. Bd2 Bxd2+ 6. Nxd2 Nf6 7. Ngf3 Nc6
8. O-O O-O 9. a3 a6 10. b4 b5 11. Bb3 Re8 12. Rc1 Bb7 13. Qc2 a5 14. Rfd1 axb4
15. axb4 Nxb4 16. Qxc7 Qxc7 17. Rxc7 Bxf3 18. Nxf3 Rec8 19. Rc5 Rxc5 20. dxc5
Kf8 21. h3 Rc8 22. Rc1 Nd3 23. Rb1 Nxc5 24. Rc1 Nfd7 25. Nd4 Rb8 26. Rb1 h6 27.
Bc2 Ra8 28. Nxb5 Rb8 29. Nd4 Rxb1+ 30. Bxb1 e5 31. Nc6 f6 32. Bg6 Kg8 33. Ne7+
1/2-1/2

[Event "Ajedrez # 4"]
[Site "http://www.queenalice.com/game.php?id=1447234"]
[Date "2016.11.1"]
[Round "1"]
[White "kuntakinte"]
[Black "rvdornel"]
[Result "1-0"]
[WhiteElo "1738"]
[BlackElo "2080"]

1. e4 e5 2. Bc4 Nf6 3. d3 Bb4+ 4. c3 Ba5 5. a4 d5 6. exd5 Bb6 7. Qb3 Qd6 8. Nd2
Bf5 9. Ngf3 a5 10. O-O Na6 11. Qb5+ Bd7 12. Qb3 Nc5 13. Qc2 Nxd5 14. d4 exd4 15.
Re1+ Ne7 16. cxd4 Ne6 17. Ne4 Qc6 18. Ne5 1-0

[Event "Ajedrez # 4"]
[Site "http://www.queenalice.com/game.php?id=1462897"]
[Date "2017.2.5"]
[Round "3"]
[White "Eggchaser"]
[Black "rvdornel"]
[Result "0-1"]
[WhiteElo "1905"]
[BlackElo "2062"]

1. Nf3 e6 2. c4 d5 3. d4 Nf6 4. Nc3 Bb4 5. Bg5 c6 6. Qc2 h6 7. Bh4 g5 8. Bg3 Ne4
9. e3 Nxg3 10. hxg3 dxc4 11. Bxc4 Nd7 12. O-O-O Nb6 13. Be2 Bxc3 14. Qxc3 Nd5
15. Qc5 f6 16. Kb1 Qb6 17. Qxb6 Nxb6 18. Rh2 Kf7 19. Rdh1 Kg7 20. e4 Nd7 21. Bc4
e5 22. dxe5 Nxe5 23. Nxe5 fxe5 24. f3 b5 25. Bb3 a5 26. a3 Ba6 27. Be6 Rad8 28.
Kc1 b4 29. axb4 axb4 30. Rd1 Rxd1+ 31. Kxd1 h5 32. Kc2 Kf6 33. Bd7 c5 0-1

[Event "Ajedrez # 4"]
[Site "http://www.queenalice.com/game.php?id=1468074"]
[Date "2017.3.9"]
[Round "4"]
[White "rvdornel"]
[Black "Eduardomoreto67"]
[Result "0-1"]
[WhiteElo "2072"]
[BlackElo "2218"]

1. e4 c5 2. Nf3 d6 3. d4 cxd4 4. Nxd4 Nf6 5. Nc3 a6 6. Bg5 e6 7. Qf3 Be7 8.
O-O-O Qc7 9. Nb3 Nc6 10. Qe3 Ng4 11. Qf4 Nce5 12. Bxe7 Qxe7 13. Be2 Nf6 14. f3
O-O 15. Qd2 Rd8 16. f4 Nc6 17. g4 b5 18. Bf3 Bb7 19. Qe3 b4 20. Na4 a5 21. g5
Nd7 22. h4 g6 23. h5 Kg7 24. Rh3 Rac8 25. Rdh1 Rh8 26. Qd2 f6 27. hxg6 hxg6 28.
Qh2 Rxh3 29. Qxh3 Rg8 30. Qh7+ Kf8 31. Qxe7+ Nxe7 32. Nxa5 Ba6 33. gxf6 Nxf6 34.
e5 dxe5 35. fxe5 Nfd5 36. Nc5 Bc8 37. Kd2 g5 38. Bg4 Nf4 39. Nc4 Kg7 40. Kc1 Nf5
41. Kd2 Rd8+ 42. Ke1 Rd5 43. Nb3 Ba6 0-1

[Event "Ajedrez # 4"]
[Site "http://www.queenalice.com/game.php?id=1475889"]
[Date "2017.4.30"]
[Round "5"]
[White "LuisGabriel_HD"]
[Black "rvdornel"]
[Result "0-1"]
[WhiteElo "2060"]
[BlackElo "2062"]

1. e4 e5 2. Nf3 Nc6 3. Bb5 a6 4. Bxc6 dxc6 5. h3 Bc5 6. d3 f6 7. Nc3 Bb4 8. O-O
Bxc3 9. bxc3 Ne7 10. d4 Ng6 11. d5 Ne7 12. dxc6 Qxd1 13. Rxd1 Nxc6 14. Ba3 Na5
15. Bb4 Nc4 16. Rd5 Be6 17. Rc5 O-O-O 18. Ba5 b6 19. Rc6 Rhe8 20. Bxb6 Nxb6 21.
Rb1 Kb7 22. Rc5 Bxa2 23. Rb2 Bf7 24. c4 Rd6 25. c3 Rc6 26. Rxc6 Kxc6 27. Nd2
Nxc4 28. Nxc4 Bxc4 29. f3 h5 30. Rb4 Be6 31. Ra4 Ra8 32. g4 h4 33. Kf2 g5 34.
Ke3 a5 35. Kd3 Bb3 36. Ra3 a4 37. Kd2 Kc5 38. Kd3 Rd8+ 39. Ke3 Kc4 40. Ra1 Rd1
41. Ra3 Kxc3 42. Ke2 Rb1 43. Ke3 Kb2 44. Rxb3+ Kxb3 45. Kf2 a3 46. Kg2 Rb2+ 47.
Kf1 a2 0-1